|
|
|
|
| LEADER |
00000nab a2200000 a 4500 |
| 001 |
vtls009357584 |
| 003 |
SK-MaSNL |
| 005 |
20260318124626.0 |
| 008 |
141024c2008 xo |||||||| 000 b|hun |
| 015 |
|
|
|a SNBRB2008/11
|2 snkbucl
|
| 038 |
|
|
|a SNKBUCL
|
| 040 |
|
|
|a DSZK
|b slo
|c DSZK
|e AACR2
|
| 041 |
0 |
|
|a hun
|
| 044 |
|
|
|a xo
|c SK
|
| 080 |
|
|
|a 786.2:37.01:781.6
|2 2001
|
| 080 |
|
|
|a 781.6
|2 2001
|
| 080 |
|
|
|a 37-051:786.2
|2 2001
|
| 080 |
|
|
|a 929 Varró, Margit
|2 2001
|
| 100 |
1 |
|
|a Dolán, Éva R.
|4 aut
|9 1218153
|
| 245 |
1 |
0 |
|a Varró Margit és a 21. század zongorapedagógiája
|c Dolán R. Éva
|
| 600 |
1 |
7 |
|a Varró, Margit,
|d 1881-1978
|2 snkbucl
|9 1253692
|
| 650 |
0 |
7 |
|a hra na klavíri
|2 snkbucl
|9 16125
|
| 650 |
0 |
7 |
|a hudobná pedagogika
|2 snkbucl
|9 67645
|
| 650 |
0 |
7 |
|a hudobná interpretácia
|2 snkbucl
|9 3211
|
| 773 |
0 |
|
|t Katedra
|g Évf. XVI, sz. 2 (2008), o. 22
|x 1335-6445
|
| 852 |
|
|
|a SNK
|b KIS3GCP
|
| 852 |
|
|
|a DSZK
|b KIS3GCP
|
| 958 |
|
|
|a HU
|
| 958 |
|
|
|a SK
|
| 999 |
|
|
|c 2227490
|d 2229420
|